000 00297nam a22001337a 4500
020 _a81-291-0864-X
082 _a823
_bGOR/D
100 _aGORDON, RICHARD
245 _aDOCTOR ON THE BALL
260 _aDELHI
_bRUPA PUBLICATIONS
_c2006
300 _a209
650 _aSTORY BOOK
_zINDIA
942 _cBK
999 _c3210
_d3210